| 000 | 00600nam a2200229 a 4500 | ||
|---|---|---|---|
| 999 |
_c11738 _d11738 |
||
| 001 | 11738 | ||
| 003 | BD-JhCC | ||
| 005 | 20200810130440.0 | ||
| 008 | 200810t20092010xxu |||| ||a| 001 0 eng d | ||
| 020 | _a9780141037851 | ||
| 035 | _a(BD-JhCC)11738 | ||
| 040 |
_aBD-JhCC _dBD-JhCC |
||
| 041 | _aeng | ||
| 082 |
_a340.01 _bSEN 2010 |
||
| 100 | _aSen, Amartya | ||
| 245 |
_aThe Idea Of Justice / _cAmartya Sen . |
||
| 260 |
_aLondon: _bpenguin books; _c2010. |
||
| 300 |
_a468 p. : _b20 cm. |
||
| 651 |
_aJustice _xSocial contract _yEthics _zLegal positivism |
||
| 942 |
_2ddc _cBK |
||